| 000 | 00529nam a2200193 a 4500 | ||
|---|---|---|---|
| 005 | 20210219153237.0 | ||
| 008 | 991125n 000 0 ita u | ||
| 035 | _aUPN01000085404 | ||
| 100 | _aAugenti, Antonio | ||
| 222 | 0 | _aRICERCHE DIDATTICHE | |
| 245 | 0 | _aL'educazione interculturale e il ruolo degli insegnanti | |
| 300 | _a257-259 | ||
| 362 | _a1992 No. 11-12 = 359-360, nov.-dic. | ||
| 653 | 0 | _aEDUCACION MULTICULTURAL | |
| 653 | 0 | _aENSEĆANZA | |
| 653 | 0 | _aMAESTROS | |
| 904 |
_aAC _b023215 |
||
| 905 | _aArticulo | ||
| 999 |
_c71885 _d71885 |
||